| 000 | 03851cam a22012374i 4500 | ||
|---|---|---|---|
| 003 | PE-LiUPU | ||
| 005 | 20250813185619.0 | ||
| 008 | 150706s r 000 0 d | ||
| 020 | _a9789781486144 | ||
| 035 | _a(Sirsi) i9789781486144 | ||
| 040 |
_aPE-LiUPU _bspa _cPE-LiUPU _erda |
||
| 049 | _aPRUA | ||
| 082 | 0 | 4 |
_a300.72 _bI6 _221 |
| 245 | 0 | 1 |
_aInvestigación cualitativa en ciencias sociales / _ccoordinador, Aldo Merlino. [et al.]. |
| 264 | 1 |
_aBuenos Aires : _bCengage Learning, _c2009. |
|
| 300 |
_a236 páginas : _bilustraciones ; _c24 centímetros |
||
| 336 |
_atext _2rdacontent |
||
| 337 |
_aunmediated _2rdamedia |
||
| 338 |
_avolume _2rdacarrier |
||
| 504 | _aIncluye bibliografía. | ||
| 505 | 0 | _aAlgunas reflexiones epistemológicas acerca de las ciencias sociales y la investigación cualitativa -- Cambios de aplicación y decisiones de diseño en la investigación cualitativa -- La construcción del marco teórico en la investigación cualitativa -- La entrevista en profundidad como técnica de producción discursiva -- El uso de las metodologías cualitativas en los estudios sobre la drogadicción -- Hacia una metodología cualitativa audiovisual -- La investigación cualitativa en el ámbito de las comunicaciones: un estudio de recepción en niños, a partir de la adaptación de la técnica del grupo de enfoque -- Cualitativo - cuantitativo: La integración de las dos perspectivas -- El encuentro entre metodología y tecnología en la investigación cualitativa. | |
| 526 | _aP202 | ||
| 526 | _aP201 | ||
| 526 | _aP163 | ||
| 526 | _aP162 | ||
| 526 | _aP161 | ||
| 526 | _aP160 | ||
| 526 | _aP148 | ||
| 526 | _aP147 | ||
| 526 | _aP146 | ||
| 526 | _aP145 | ||
| 526 | _aP144 | ||
| 526 | _aP143 | ||
| 526 | _aP142 | ||
| 526 | _aP141 | ||
| 526 | _aP140 | ||
| 526 | _aP139 | ||
| 526 | _aP138 | ||
| 526 | _aP137 | ||
| 526 | _aP136 | ||
| 526 | _aP135 | ||
| 526 | _aP134 | ||
| 526 | _aP133 | ||
| 526 | _aP129 | ||
| 526 | _aP128 | ||
| 526 | _aP127 | ||
| 526 | _aP120 | ||
| 526 | _aP119 | ||
| 526 | _aP118 | ||
| 526 | _aP116 | ||
| 526 | _aP115 | ||
| 526 | _aP114 | ||
| 526 | _aP110 | ||
| 526 | _aP109 | ||
| 526 | _aP108 | ||
| 526 | _aP104 | ||
| 526 | _aP103 | ||
| 526 | _aP102 | ||
| 526 | _aP99 | ||
| 526 | _aP98 | ||
| 526 | _aP97 | ||
| 526 | _aP96 | ||
| 526 | _aP95 | ||
| 526 | _aP93 | ||
| 526 | _aP90 | ||
| 526 | _aP89 | ||
| 526 | _aP88 | ||
| 526 | _aP83 | ||
| 526 | _aP82 | ||
| 526 | _aP62 | ||
| 526 | _aP59 | ||
| 526 | _aP58 | ||
| 526 | _aP57 | ||
| 526 | _aP51 | ||
| 526 | _aP49 | ||
| 526 | _aP48 | ||
| 526 | _aP47 | ||
| 526 | _aP29 | ||
| 526 | _aP24 | ||
| 526 | _aP20 | ||
| 526 | _aP19 | ||
| 526 | _aP17 | ||
| 526 | _aP15 | ||
| 526 | _aP14 | ||
| 526 | _aP12 | ||
| 526 | _aP10 | ||
| 526 | _aP09 | ||
| 526 | _aP08 | ||
| 526 | _aP07 | ||
| 526 | _aP06 | ||
| 526 | _aP05 | ||
| 526 | _aP04 | ||
| 526 | _aP01 | ||
| 541 | _g030-0013375; | ||
| 650 | 0 | 4 |
_aCiencias sociales _xMetodología. |
| 650 | 0 | 4 |
_aInvestigación cualitativa _xMetodología. |
| 650 | 0 | 4 |
_aMetodología científica. _92427 |
| 650 | 0 | 4 |
_aMetodología en ciencias sociales. _94203 |
| 700 | 1 |
_aMerlino, Aldo, _ecoord. |
|
| 910 |
_bjv _cng _d20100513 |
||
| 942 |
_2ddc _cBOOK |
||
| 949 |
_aPGE 300.72 I6 _wDEWEY _c1 _i61677 _d2015-10-29 _lCCODEBUL1 _mBUL _p31.00 _q1 _r0 _sY _tBOOK _u2015-7-6 _xSALUD _PP57 _0COMPRA _o.CIRCNOTE. No olvidar cambiar la fecha de devolución!!!!!!! _o.STAFF. Colección General |
||
| 994 |
_aC0 _bPEPRU |
||
| 596 | _a1 | ||
| 999 |
_a300.72 I6 _wDEWEY _c54625 _i65877 _d54625 _e2018-7-10 _f2021-11-4 _g4 _lCCODEBUL1 _mBUL _n1 _p31.00 _q1 _r0 _sY _tBOOK _u2015-7-6 _xBIBLIOTECA _PP04 _0COMPRA _o.STAFF. Colección General |
||
| 980 |
_81 _gALBERTO SANCHEZ Responsable de Automatización |
||